000 00793nam2a2200205 4500
001 RU\NLR\PER_A\003156702_003610
005 20250624231311.0
035 _a(NLR Aleph) 012930014
090 _a12671482
_c12671482
100 _a20221102d2022 |||y0rusy50 ca
101 0 _arus
102 _aRU
200 0 _a2022, № 9
210 _d2022
_aБ. м.
461 0 _1001RU\NLR\INFOCOMM18\1000130900
_12001#$aВестник связи$eЕжемес. инженерно-техн. журн. М-ва связи СССР$v2022, № 9
_93061101
_cМ.
_d1941-
_nСвязьиздат
_oЕжемес. инженерно-техн. журн. М-ва связи СССР
_tВестник связи
_x0320-8141
_v2022, № 9
852 _aNLR
_jП10/461
942 _cISSUE
980 _aNB
980 _aRUSPER